[Event "Goch op 26th"]
[Site "Goch"]
[Date "2015.09.06"]
[Round "6"]
[White "Gebben, Alwin"]
[Black "Debbeler, Adrian"]
[Result "1-0"]
[WhiteElo "1908"]
[BlackElo "1768"]
[PlyCount "57"]
[EventDate "2015.09.03"]
[EventType "swiss"]
[EventRounds "7"]
[EventCountry "GER"]
[SourceTitle "EXT 2018"]
[Source "ChessBase"]
[SourceDate "2017.10.13"]
[SourceVersion "1"]
[SourceVersionDate "2017.10.13"]
[SourceQuality "1"]

1. Nf3 d5 2. d4 c6 3. c4 e6 4. Qc2 f5 5. g3 Nf6 6. Bg2 Bd6 7. 0-0 0-0 8. Nc3 Nbd7 9. Rb1 a5 10. b3 Ne4 11. Be3 Ndf6 12. Ne5 Bd7 13. Na4 Ne8 14. f3 N4f6 15. Bf2 Qc7 16. Nxd7 Nxd7 17. e4 dxe4 18. fxe4 f4 19. e5 fxg3 20. Bxg3 Be7 21. Bh3 Rxf1+ 22. Rxf1 Nf8 23. Qf2 h6 24. Qf7+ Kh7 25. Bxe6 Nxe6 26. Qxe6 Qd8 27. d5 cxd5 28. cxd5 Nc7 29. Qf5+ 1-0

[Event "Goch op 26th"]
[Site "Goch"]
[Date "2015.09.04"]
[Round "3"]
[White "Debbeler, Adrian"]
[Black "Saglam, Buelent"]
[Result "0-1"]
[WhiteElo "1768"]
[BlackElo "2081"]
[PlyCount "102"]
[EventDate "2015.09.03"]
[EventType "swiss"]
[EventRounds "7"]
[EventCountry "GER"]
[SourceTitle "EXT 2018"]
[Source "ChessBase"]
[SourceDate "2017.10.13"]
[SourceVersion "1"]
[SourceVersionDate "2017.10.13"]
[SourceQuality "1"]

1. d4 c5 2. d5 Nf6 3. c4 e6 4. Nc3 exd5 5. cxd5 d6 6. Nf3 g6 7. Bf4 Nh5 8. Bg5 Be7 9. Bxe7 Qxe7 10. e3 a6 11. a4 b6 12. Nd2 Nd7 13. Be2 Nhf6 14. 0-0 Bb7 15. Qb3 Rb8 16. e4 0-0 17. f4 Rbc8 18. Rf2 c4 19. Bxc4 Nc5 20. Qc2 b5 21. axb5 Ncxe4 22. Ndxe4 Rxc4 23. Nxf6+ Qxf6 24. bxa6 Ra8 25. a7 Qd4 26. Qe2 Rb4 27. Kh1 Rxa7 28. Rxa7 Qxa7 29. Qe8+ Kg7 30. Qe1 Bc8 31. h3 Qb6 32. Qd2 Bf5 33. Kh2 h5 34. Kh1 Rd4 35. Qe2 Qb4 36. Qe3 Qc4 37. Kh2 Rd3 38. Qe1 Qd4 39. g3 Bc8 40. Re2 h4 41. Rg2 hxg3+ 42. Rxg3 Qxf4 43. Kg2 Rd2+ 44. Kg1 Rc2 45. Qe3 Rc1+ 46. Kh2 Qf1 47. Qg1 Rc2+ 48. Rg2 Qf4+ 49. Kh1 Rc1 50. Nd1 Qf3 51. Qd4+ Kg8 0-1

[Event "Goch op 26th"]
[Site "Goch"]
[Date "2015.09.03"]
[Round "1"]
[White "Debbeler, Adrian"]
[Black "Krebbers, Wilfried"]
[Result "1-0"]
[WhiteElo "1768"]
[BlackElo "2095"]
[PlyCount "85"]
[EventDate "2015.09.03"]
[EventType "swiss"]
[EventRounds "7"]
[EventCountry "GER"]
[SourceTitle "EXT 2018"]
[Source "ChessBase"]
[SourceDate "2017.10.13"]
[SourceVersion "1"]
[SourceVersionDate "2017.10.13"]
[SourceQuality "1"]

1. d4 Nf6 2. Nf3 e6 3. c4 Bb4+ 4. Bd2 Qe7 5. Nc3 0-0 6. g3 c5 7. Bg2 d6 8. 0-0 Nc6 9. d5 exd5 10. Nxd5 Nxd5 11. cxd5 Bxd2 12. Qxd2 Ne5 13. Qc3 f6 14. b4 b6 15. a4 Bb7 16. Nxe5 fxe5 17. a5 Ba6 18. axb6 axb6 19. Ra2 Bb7 20. Rfa1 Rxa2 21. Rxa2 Ra8 22. Rxa8+ Bxa8 23. bxc5 bxc5 24. e4 Qc7 25. Bf1 Bb7 26. Qa3 Bc8 27. Qa4 Bd7 28. Qa8+ Kf7 29. Qa3 g6 30. Qf3+ Kg7 31. Qc3 Qb6 32. Qc1 Qb4 33. Qg5 Kf7 34. Qd8 Bb5 35. Qc7+ Kf8 36. Qxd6+ Kf7 37. Qe6+ Kf8 38. Qf6+ Kg8 39. Bxb5 Qxb5 40. Qxe5 c4 41. Qe6+ Kf8 42. d6 Qe8 43. Qxc4 1-0

[Event "Niedersachsen-ch op"]
[Site "Verden"]
[Date "2009.01.04"]
[Round "4"]
[White "Modder, Frank"]
[Black "Debbeler, Adrian"]
[Result "1-0"]
[WhiteElo "1900"]
[BlackElo "1771"]
[PlyCount "47"]
[EventDate "2009.01.03"]
[EventType "swiss"]
[EventRounds "7"]
[EventCountry "GER"]
[SourceTitle "EXT 2012"]
[Source "ChessBase"]
[SourceDate "2011.11.24"]
[SourceVersion "1"]
[SourceVersionDate "2011.11.24"]
[SourceQuality "1"]

1. d4 d5 2. Nf3 c6 3. e3 Bg4 4. c4 e6 5. Qb3 Qb6 6. Ne5 Bf5 7. c5 Qxb3 8. axb3 Nf6 9. Nc3 Nbd7 10. Nxd7 Nxd7 11. b4 b5 12. Be2 Be7 13. 0-0 0-0 14. Bd2 Bd8 15. Ra6 Nb8 16. Ra3 a5 17. Na2 Nd7 18. bxa5 e5 19. a6 exd4 20. exd4 Re8 21. Bf3 Ra7 22. Nb4 Nb8 23. Bf4 Nd7 24. Nxc6 1-0

[Event "Stuttgart-chB int"]
[Site "Ditzingen"]
[Date "2008.05.03"]
[Round "5"]
[White "Debbeler, Adrian"]
[Black "Gibicar, Danijel"]
[Result "0-1"]
[WhiteElo "1649"]
[BlackElo "1745"]
[PlyCount "78"]
[EventDate "2008.05.01"]
[EventType "swiss"]
[EventRounds "7"]
[EventCountry "GER"]
[SourceTitle "EXT 2018"]
[Source "ChessBase"]
[SourceDate "2017.10.13"]
[SourceVersion "1"]
[SourceVersionDate "2017.10.13"]
[SourceQuality "1"]

1. d4 Nf6 2. Nf3 e6 3. c4 Bb4+ 4. Bd2 Qe7 5. e3 0-0 6. Bd3 Bxd2+ 7. Nbxd2 d6 8. 0-0 b6 9. Qc2 Bb7 10. Rfe1 c5 11. Rad1 Nc6 12. a3 h6 13. Qc3 e5 14. d5 Nd8 15. b4 e4 16. bxc5 bxc5 17. Nh4 exd3 18. Nf5 Qd7 19. e4 Ne8 20. Re3 f6 21. Rg3 Kh7 22. Qxd3 Bc8 23. Nf3 Qf7 24. N3h4 g5 25. e5 dxe5 26. Nxh6+ Kxh6 27. Nf5+ Bxf5 28. Qxf5 Rh8 29. h4 gxh4 30. Rg4 Qh5 31. Qe4 f5 32. Qe3+ Kh7 33. Rg5 Qxd1+ 34. Kh2 Nf7 35. Rxf5 Ned6 36. Rf6 Kg7 37. Rxd6 Nxd6 38. Qxe5+ Kg8 39. Qg5+ Kf8 0-1

[Event "Niedersachsen-ch"]
[Site "Verden"]
[Date "2008.01.05"]
[Round "6"]
[White "Debbeler, Adrian"]
[Black "Vehmeyer, Thomas"]
[Result "1-0"]
[WhiteElo "1617"]
[BlackElo "1949"]
[PlyCount "47"]
[EventDate "2008.01.03"]
[EventType "swiss"]
[EventRounds "7"]
[EventCountry "GER"]
[SourceTitle "EXT 2010"]
[Source "ChessBase"]
[SourceDate "2010.11.25"]
[SourceVersion "1"]
[SourceVersionDate "2010.11.25"]
[SourceQuality "1"]

1. d4 d5 2. Nf3 Nf6 3. c4 e6 4. Nc3 a6 5. a4 Bb4 6. Bg5 c6 7. Qb3 Bxc3+ 8. bxc3 0-0 9. e3 Nbd7 10. Bd3 dxc4 11. Bxc4 Qa5 12. Qb4 Qf5 13. 0-0 Nd5 14. Qb2 h6 15. Bh4 g5 16. Bg3 h5 17. Bd6 Rd8 18. Bxd5 exd5 19. Be7 Re8 20. Bxg5 Re6 21. Qb1 Re4 22. Bf4 Qg4 23. Ng5 Nf6 24. f3 1-0

[Event "Niedersachsen-ch"]
[Site "Verden"]
[Date "2008.01.04"]
[Round "3"]
[White "Wahrenberg, Ralf"]
[Black "Debbeler, Adrian"]
[Result "1-0"]
[WhiteElo "1963"]
[BlackElo "1617"]
[PlyCount "41"]
[EventDate "2008.01.03"]
[EventType "swiss"]
[EventRounds "7"]
[EventCountry "GER"]
[SourceTitle "EXT 2010"]
[Source "ChessBase"]
[SourceDate "2010.11.25"]
[SourceVersion "1"]
[SourceVersionDate "2010.11.25"]
[SourceQuality "1"]

1. d4 d5 2. Nf3 c6 3. c4 e6 4. Nc3 dxc4 5. e4 b5 6. a4 Bb4 7. Bd2 a5 8. axb5 Bxc3 9. Bxc3 cxb5 10. b3 Bb7 11. d5 Nf6 12. Bxf6 Qxf6 13. bxc4 bxc4 14. Qa4+ Nd7 15. Bxc4 exd5 16. Bb5 Qe7 17. 0-0 dxe4 18. Rad1 0-0-0 19. Nd4 Nb6 20. Qxa5 Rd6 21. Nf5 1-0

[Event "Niedersachsen-ch"]
[Site "Verden"]
[Date "2008.01.03"]
[Round "1"]
[White "Debbeler, Adrian"]
[Black "Hilker, Bjoern"]
[Result "0-1"]
[WhiteElo "1617"]
[BlackElo "1944"]
[PlyCount "46"]
[EventDate "2008.01.03"]
[EventType "swiss"]
[EventRounds "7"]
[EventCountry "GER"]
[SourceTitle "EXT 2010"]
[Source "ChessBase"]
[SourceDate "2010.11.25"]
[SourceVersion "1"]
[SourceVersionDate "2010.11.25"]
[SourceQuality "1"]

1. d4 d5 2. Nf3 e6 3. c4 c5 4. cxd5 exd5 5. dxc5 Bxc5 6. g3 Nc6 7. Bg2 Nf6 8. 0-0 0-0 9. Bg5 d4 10. a3 h6 11. Bc1 Bf5 12. b4 Bb6 13. b5 Na5 14. Bb2 d3 15. e3 Rc8 16. Nd4 Bg6 17. Bc3 Qd7 18. Qa4 Rc4 19. Qd1 Rfc8 20. Qd2 Bxd4 21. Bxd4 Nb3 22. Qb2 Nxa1 23. Qxa1 Rc1 0-1

[Event "Niedersachsen-ch"]
[Site "Verden"]
[Date "2008.01.03"]
[Round "2"]
[White "Schrock, Benjamin"]
[Black "Debbeler, Adrian"]
[Result "0-1"]
[WhiteElo "1214"]
[BlackElo "1617"]
[PlyCount "34"]
[EventDate "2008.01.03"]
[EventType "swiss"]
[EventRounds "7"]
[EventCountry "GER"]
[SourceTitle "EXT 2010"]
[Source "ChessBase"]
[SourceDate "2010.11.25"]
[SourceVersion "1"]
[SourceVersionDate "2010.11.25"]
[SourceQuality "1"]

1. e4 e5 2. Nf3 Nc6 3. Bc4 Nf6 4. d3 Be7 5. Nc3 d6 6. Bg5 Bg4 7. Qd2 Bxf3 8. gxf3 Nd4 9. Qd1 Qd7 10. Rg1 Qh3 11. Rg3 Qxh2 12. Bxf6 Bxf6 13. Nd5 Bh4 14. Nxc7+ Kd7 15. Nxa8 Bxg3 16. fxg3 Nxc2+ 17. Kf1 Ne3+ 0-1

[Event "Dortmund op-B"]
[Site "Dortmund"]
[Date "2004.07.31"]
[Round "9"]
[White "Van Hove, Ode"]
[Black "Debbeler, Adrian"]
[Result "1/2-1/2"]
[WhiteElo "1500"]
[BlackElo "1184"]
[PlyCount "149"]
[EventDate "2004.07.??"]
[EventType "swiss"]
[EventRounds "9"]
[EventCountry "GER"]
[SourceTitle "EXT 2006"]
[Source "ChessBase"]
[SourceDate "2005.11.24"]
[SourceVersion "1"]
[SourceVersionDate "2005.11.24"]
[SourceQuality "1"]

1. e4 e5 2. Nf3 Nc6 3. d4 exd4 4. c3 dxc3 5. Nxc3 d6 6. h3 Nf6 7. Bc4 Be6 8. Bxe6 fxe6 9. Qb3 Qc8 10. Be3 b6 11. Ng5 Nd8 12. Rd1 e5 13. 0-0 h6 14. Nf3 Qe6 15. Qa4+ Kf7 16. Nd5 Nxd5 17. exd5 Qe8 18. Qc2 Qd7 19. Nh4 Be7 20. Qg6+ Kf8 21. Qh5 Bxh4 22. Qxh4 Qe8 23. Qg3 Kg8 24. f4 exf4 25. Bxf4 Nf7 26. Rde1 Qd7 27. Qg6 Re8 28. Re6 Rf8 29. Rf6 Qe7 30. Bd2 Rh7 31. Kh1 h5 32. Bg5 Qd7 33. Bc1 Qe7 34. Re6 Qd7 35. Bd2 Rh8 36. Bc3 Nd8 37. Rxf8+ Kxf8 38. Re1 Qf7 39. Qd3 Kg8 40. Rf1 Qd7 41. Bd2 Nf7 42. Qf3 Kf8 43. Qg3 Kg8 44. Qf3 Ne5 45. Qe4 Qe7 46. Qf5 g6 47. Qe6+ Qxe6 48. dxe6 Kg7 49. Bg5 Re8 50. Bf6+ Kg8 51. Bxe5 dxe5 52. Rf7 Rxe6 53. Rxc7 a5 54. Kg1 e4 55. Rc2 Kf7 56. Kf2 Kf6 57. Ke3 Kf5 58. g3 g5 59. Rf2+ Kg6 60. b3 Kg7 61. Rf1 Kg6 62. Rf8 Re5 63. Rb8 b5 64. Rf8 Rf5 65. Ra8 Rf3+ 66. Kxe4 Rxg3 67. Rxa5 Rxh3 68. Rxb5 g4 69. a4 Rh4 70. a5 g3+ 71. Kf3 Rg4 72. Kg2 h4 73. Rb6+ Kg5 74. Rb5+ Kf6 75. Rb6+ 1/2-1/2

[Event "Dortmund op-B"]
[Site "Dortmund"]
[Date "2004.07.29"]
[Round "7"]
[White "Debbeler, Adrian"]
[Black "Keuter, Sven"]
[Result "0-1"]
[WhiteElo "1184"]
[BlackElo "1538"]
[PlyCount "148"]
[EventDate "2004.07.??"]
[EventType "swiss"]
[EventRounds "9"]
[EventCountry "GER"]
[SourceTitle "EXT 2006"]
[Source "ChessBase"]
[SourceDate "2005.11.24"]
[SourceVersion "1"]
[SourceVersionDate "2005.11.24"]
[SourceQuality "1"]

1. d4 d5 2. Nf3 e6 3. c4 c6 4. Nc3 Bd6 5. Bg5 Nf6 6. e3 0-0 7. Rc1 Nbd7 8. Qc2 Qa5 9. Nd2 dxc4 10. Nxc4 Qxg5 11. Nxd6 e5 12. Nde4 Nxe4 13. Nxe4 Qe7 14. dxe5 Nxe5 15. Ng3 Be6 16. b3 Qb4+ 17. Qc3 Qxc3+ 18. Rxc3 Rad8 19. Be2 f5 20. Rc2 f4 21. exf4 Rxf4 22. 0-0 Rfd4 23. Rfc1 Bg4 24. f3 Be6 25. Kf1 Bf7 26. Ke1 Bg6 27. Rb2 Re8 28. Kf1 Bd3 29. Bxd3 Nxd3 30. Rd1 c5 31. Rbd2 Red8 32. Ne4 b6 33. Nc3 Nb4 34. Rxd4 cxd4 35. Nb5 a6 36. Rxd4 Rxd4 37. Nxd4 Nxa2 38. g4 Kf7 39. Kf2 Kf6 40. Ke3 Nc3 41. h4 g5 42. hxg5+ Kxg5 43. Kd3 Nd5 44. Ke4 Nb4 45. Ke5 a5 46. f4+ Kxg4 47. f5 Nd3+ 48. Ke6 Nc5+ 49. Ke7 Ne4 50. f6 Nxf6 51. Kxf6 h5 52. Nf5 b5 53. Ne3+ Kf3 54. Nf5 Kg4 55. Ne3+ Kf4 56. Ng2+ Kg3 57. Ne3 a4 58. bxa4 bxa4 59. Ke5 a3 60. Kd4 a2 61. Nc2 h4 62. Kc3 h3 63. Kb2 h2 64. Kxa2 h1Q 65. Ka3 Qc6 66. Kb2 Kf2 67. Kb3 Qc8 68. Nb4 Ke2 69. Ka4 Ke3 70. Ka5 Kd4 71. Kb5 Qc5+ 72. Ka4 Kc4 73. Na2 Qb5+ 74. Ka3 Qb3# 0-1

[Event "Dortmund op-B"]
[Site "Dortmund"]
[Date "2004.07.25"]
[Round "3"]
[White "Debbeler, Adrian"]
[Black "Nadrowski, Joseph"]
[Result "1-0"]
[WhiteElo "1184"]
[BlackElo "1796"]
[PlyCount "105"]
[EventDate "2004.07.??"]
[EventType "swiss"]
[EventRounds "9"]
[EventCountry "GER"]
[SourceTitle "EXT 2006"]
[Source "ChessBase"]
[SourceDate "2005.11.24"]
[SourceVersion "1"]
[SourceVersionDate "2005.11.24"]
[SourceQuality "1"]

1. d4 d5 2. Nf3 e6 3. c4 Nf6 4. Nc3 Bb4 5. Bg5 h6 6. Bh4 Nbd7 7. e3 g5 8. Bg3 Ne4 9. Qc2 Nxg3 10. hxg3 dxc4 11. 0-0-0 Nb6 12. Na4 c3 13. Nxc3 Bd7 14. Ne5 Qe7 15. Nb5 Bd6 16. Kb1 Bxe5 17. dxe5 Bxb5 18. Bxb5+ c6 19. Be2 Nd7 20. f4 0-0-0 21. Rd2 Nb6 22. Rxd8+ Qxd8 23. Rd1 Qe7 24. Rh1 Nd5 25. Qa4 Kb8 26. Qd4 Rd8 27. Rd1 Rd7 28. Bf3 Nb6 29. Qc3 Rxd1+ 30. Bxd1 Qd8 31. Bh5 Nd5 32. Qd4 Qc7 33. e4 c5 34. Qd3 Nb4 35. Qd6 gxf4 36. gxf4 Nc6 37. Bxf7 Qxd6 38. exd6 Nd8 39. Be8 Kc8 40. f5 exf5 41. exf5 b6 42. f6 Ne6 43. Kc2 Kd8 44. d7 Nf8 45. f7 Ke7 46. Kc3 Ne6 47. b4 cxb4+ 48. Kxb4 a6 49. Kc4 Nd8 50. Kd5 Kf8 51. Kd6 b5 52. Kc7 Ne6+ 53. Kb6 1-0